[Event "National interclub championship"]
[Site "Brussels"]
[Date "1997.10.05"]
[Round "1"]
[White "Claesen, Jeroen"]
[Black "Bolzoni, Victor-Angel"]
[Result "1-0"]
[Board "2"]
[WhiteTeam "LV Leuven"]
[BlackTeam "CRÉ Brussels"]
[WhiteTitle "FM"]
[BlackTitle "FM"]
[WhiteElo "2290"]
[BlackElo "2250"]
[PlyCount "75"]
[EventDate "1997.10.05"]
[Source "BelgaBase"]

1. e4 c5 2. Nc3 e6 3. g3 Nc6 4. Bg2 Nf6 5. Nge2 Be7 6. O-O O-O 7. d4 cxd4 8.
Nxd4 a6 9. Be3 Qc7 10. a4 Na5 11. Qd3 Nc4 12. Bf4 e5 13. Nf5 Bb4 14. Bc1 d5 15.
Nxd5 Nxd5 16. exd5 Bxf5 17. Qxf5 Nd6 18. Qxe5 Qxc2 19. Bf4 Rfe8 20. Qd4 Bc5 21.
Qd2 Qxd2 22. Bxd2 Bd4 23. Rab1 Nc4 24. Bf4 Nxb2 25. Bc7 Nxa4 26. d6 Nc5 27.
Rfd1 Bf6 28. Rbc1 Nb3 29. Rb1 Nc5 30. Rdc1 Re5 31. f4 Re2 32. Kf1 Rae8 33. Rxc5
Bd4 34. Re5 Rf2+ 35. Ke1 Bxe5 36. Kxf2 Bd4+ 37. Kf1 b5 38. d7 1-0

[Event "National interclub championship"]
[Site "Brussels"]
[Date "1997.10.05"]
[Round "1"]
[White "Van Houtte, Thierry"]
[Black "Vanderwaeren, Serge"]
[Result "1/2-1/2"]
[Board "3"]
[WhiteTeam "CRÉ Brussels"]
[BlackTeam "LV Leuven"]
[BlackTitle "FM"]
[WhiteElo "2235"]
[BlackElo "2290"]
[PlyCount "43"]
[EventDate "1997.10.05"]
[Source "BelgaBase"]

1. e4 c5 2. c3 e6 3. d4 d5 4. e5 Ne7 5. Nf3 Nec6 6. Bd3 b6 7. O-O Ba6 8. Bxa6
Nxa6 9. h4 h6 10. h5 Nc7 11. b3 Be7 12. Re1 O-O 13. Na3 cxd4 14. cxd4 f5 15.
exf6 Rxf6 16. Nc2 Nb5 17. Qd3 a6 18. a4 Nc7 19. Ne5 Nxe5 20. dxe5 Rf8 21. Bxh6
gxh6 22. Qg6+ 1/2-1/2

[Event "National interclub championship"]
[Site "Brussels"]
[Date "1997.10.05"]
[Round "1"]
[White "Van Mechelen, Jan"]
[Black "Kerkhof, Philippe"]
[Result "1/2-1/2"]
[Board "4"]
[WhiteTeam "LV Leuven"]
[BlackTeam "CRÉ Brussels"]
[WhiteTitle "FM"]
[WhiteElo "2240"]
[BlackElo "2240"]
[PlyCount "72"]
[EventDate "1997.10.05"]
[Source "BelgaBase"]

1. Nf3 g6 2. c4 Bg7 3. Nc3 Nf6 4. e4 c5 5. d4 cxd4 6. Nxd4 Nc6 7. Be3 O-O 8.
Be2 b6 9. O-O Bb7 10. f3 Ne8 11. Qd2 Nd6 12. Rfd1 Ne5 13. b3 f5 14. f4 Ng4 15.
Bxg4 fxg4 16. e5 Ne4 17. Nxe4 Bxe4 18. Qe2 Bf5 19. Nxf5 gxf5 20. Rd3 Qe8 21.
Rad1 Rd8 22. Qd2 d6 23. exd6 exd6 24. Bf2 Rf6 25. Bh4 Re6 26. Bxd8 Re2 27. Rxd6
Rxd2 28. R6xd2 Qe3+ 29. Kh1 Qxf4 30. Bh4 Bc3 31. Rd8+ Kg7 32. Bg3 Qe3 33. R8d3
Qe2 34. Bf4 Bf6 35. Rd7+ Kg6 36. a4 h5 1/2-1/2

[Event "National interclub championship"]
[Site "Brussels"]
[Date "1997.10.05"]
[Round "1"]
[White "Johannes, Alex"]
[Black "Craps, Ben"]
[Result "0-1"]
[Board "5"]
[WhiteTeam "CRÉ Brussels"]
[BlackTeam "LV Leuven"]
[WhiteElo "2155"]
[BlackElo "2185"]
[PlyCount "54"]
[EventDate "1997.10.05"]
[Source "BelgaBase"]

1. d4 Nf6 2. c4 g6 3. Nc3 Bg7 4. e4 d6 5. f3 O-O 6. Bg5 c5 7. d5 e6 8. Qd2 exd5
9. Nxd5 Be6 10. Ne2 Bxd5 11. cxd5 Nbd7 12. Nc3 a6 13. a4 Qa5 14. Ra3 Rfe8 15.
Be2 Rac8 16. O-O c4 17. Rc1 Qc5+ 18. Be3 Bh6 19. Nd1 b5 20. b4 Bxe3+ 21. Nxe3
Qb6 22. axb5 axb5 23. Rca1 c3 24. Rxc3 Rxc3 25. Qxc3 Nxd5 26. exd5 Rxe3 27. Ra6
Rxc3+ 0-1

[Event "National interclub championship"]
[Site "Brussels"]
[Date "1997.10.05"]
[Round "1"]
[White "Praet, Maarten"]
[Black "Luminet, Denis"]
[Result "1-0"]
[Board "6"]
[WhiteTeam "LV Leuven"]
[BlackTeam "CRÉ Brussels"]
[WhiteElo "2200"]
[BlackElo "2285"]
[PlyCount "153"]
[EventDate "1997.10.05"]
[Source "BelgaBase"]

1. e4 e6 2. d3 b6 3. Nf3 Bb7 4. g3 c5 5. Bg2 Nc6 6. O-O Be7 7. Nc3 d6 8. Re1
Rc8 9. e5 d5 10. h4 h6 11. h5 Qd7 12. Bf4 a6 13. Nd2 Nd4 14. Ne2 Nxe2+ 15. Qxe2
Bf8 16. d4 cxd4 17. Nb3 Ne7 18. Nxd4 Nc6 19. Nxc6 Rxc6 20. Rad1 Qc8 21. c3 Rc4
22. Qg4 Rg8 23. Bf1 g5 24. Bxc4 dxc4 25. Be3 Qc6 26. Kf1 Be7 27. Ke2 b5 28. Rd4
f5 29. exf6 Bxf6 30. Rd2 Rf8 31. Kd1 Qf3+ 32. Qxf3 Bxf3+ 33. Kc1 Be7 34. Bd4
Kf7 35. Be5 Rd8 36. Rxd8 Bxd8 37. Kd2 Bxh5 38. Rh1 Kg6 39. Ke3 Bg4 40. f3 Bf5
41. g4 Bd3 42. a4 Bc2 43. axb5 axb5 44. Ra1 Ba4 45. Rxa4 bxa4 46. Kd4 Be7 47.
Kxc4 a3 48. bxa3 Bxa3 49. Kb3 Bc5 50. c4 h5 51. Ka4 h4 52. Kb5 Bf2 53. c5 Bg3
54. Bd6 Bxd6 55. cxd6 h3 56. d7 h2 57. d8=Q h1=Q 58. Qd3+ Kf6 59. Qd8+ Kg6 60.
Qe8+ Kf6 61. Qf8+ Kg6 62. Kc6 Qd1 63. Kc7 Qd5 64. Qe8+ Kg7 65. Qe7+ Kg6 66. Qf8
Qe5+ 67. Qd6 Qxd6+ 68. Kxd6 Kf6 69. Kd7 Kf7 70. Kc6 Kf6 71. Kd6 Kf7 72. Kd7 Kf6
73. Ke8 e5 74. Kf8 e4 75. fxe4 Ke5 76. Kf7 Kf4 77. Kf6 1-0

[Event "National interclub championship"]
[Site "Eupen"]
[Date "1997.10.05"]
[Round "1"]
[White "Schebler, Gerhard"]
[Black "Bronstein, David Ionovich"]
[Result "1/2-1/2"]
[Board "1"]
[WhiteTeam "SK Eupen '47"]
[BlackTeam "CC Anderlecht"]
[WhiteTitle "IM"]
[BlackTitle "GM"]
[WhiteElo "2440"]
[BlackElo "2420"]
[PlyCount "61"]
[EventDate "1997.10.05"]
[Source "BelgaBase"]

1. Nf3 Nf6 2. g3 d6 3. d4 Nbd7 4. Bg2 e5 5. c4 c6 6. O-O Be7 7. Nc3 O-O 8. Qc2
Qc7 9. Rd1 Re8 10. b3 Bf8 11. e4 b5 12. c5 dxc5 13. dxe5 Ng4 14. h3 Ngxe5 15.
Nxe5 Nxe5 16. f4 c4 17. fxe5 cxb3 18. Qxb3 Qxe5 19. Bf4 Qc5+ 20. Kh2 Be6 21.
Qb2 g5 22. Bd2 Bg7 23. Rac1 Rad8 24. Qc2 h6 25. Be1 b4 26. Rxd8 Rxd8 27. Na4
Qxc2 28. Rxc2 b3 29. axb3 Bxb3 30. Rxc6 Bxa4 31. Ra6 1/2-1/2

[Event "National interclub championship"]
[Site "Eupen"]
[Date "1997.10.05"]
[Round "1"]
[White "Kern, Guido"]
[Black "Tondivar, Babak"]
[Result "1/2-1/2"]
[Board "3"]
[WhiteTeam "SK Eupen '47"]
[BlackTeam "CC Anderlecht"]
[WhiteTitle "IM"]
[BlackTitle "FM"]
[WhiteElo "2415"]
[BlackElo "2315"]
[PlyCount "69"]
[EventDate "1997.10.05"]
[Source "BelgaBase"]

1. c4 e6 2. g3 d5 3. Bg2 Nf6 4. Nf3 dxc4 5. Qc2 a6 6. a4 Nbd7 7. Na3 Be7 8.
Nxc4 O-O 9. d3 Nd5 10. O-O a5 11. Bd2 c5 12. Rfd1 b6 13. e4 Nb4 14. Bxb4 axb4
15. d4 Qc7 16. d5 exd5 17. exd5 Bd6 18. Ng5 Nf6 19. Ne6 Bxe6 20. dxe6 Rad8 21.
exf7+ Rxf7 22. Bd5 Nxd5 23. Rxd5 Be7 24. Qe4 Bf6 25. Rxd8+ Qxd8 26. Re1 Re7 27.
Qb1 Bd4 28. Rxe7 Qxe7 29. Qf5 g6 30. Qd5+ Kg7 31. Kg2 Qe2 32. Qd7+ Kg8 33. Qd8+
Kg7 34. Qd7+ Kg8 35. Qd8+ 1/2-1/2

[Event "National interclub championship"]
[Site "Eupen"]
[Date "1997.10.05"]
[Round "1"]
[White "Henris, Luc"]
[Black "Klip, Hans"]
[Result "0-1"]
[Board "4"]
[WhiteTeam "CC Anderlecht"]
[BlackTeam "SK Eupen '47"]
[WhiteTitle "FM"]
[BlackTitle "FM"]
[WhiteElo "2240"]
[BlackElo "2365"]
[PlyCount "132"]
[EventDate "1997.10.05"]
[Source "BelgaBase"]

1. e4 e5 2. f4 Bc5 3. Nf3 d6 4. c3 Bb6 5. Na3 Bg4 6. Nc4 f5 7. Nxb6 axb6 8. h3
Bxf3 9. Qxf3 fxe4 10. Qxe4 Qh4+ 11. Kd1 Nc6 12. Bb5 Nge7 13. Re1 Qxf4 14. Qxf4
exf4 15. d4 O-O 16. d5 Ne5 17. Bd7 Rf6 18. Be6+ Kh8 19. Kc2 Raf8 20. b3 h6 21.
c4 N7g6 22. Bb2 f3 23. gxf3 Rxf3 24. Rad1 Rf2+ 25. Kb1 h5 26. Rg1 Nf4 27. Bxe5
dxe5 28. Rg5 Re2 29. Bf5 Rf7 30. Rdg1 Kg8 31. b4 Kf8 32. Rd1 e4 33. c5 g6 34.
cxb6 cxb6 35. Bxg6 Nxg6 36. Rxg6 Rff2 37. d6 Rb2+ 38. Ka1 Rxa2+ 39. Kb1 Rab2+
40. Ka1 Ra2+ 41. Kb1 Rab2+ 42. Ka1 Rbd2 43. Rxd2 Rxd2 44. Re6 Kf7 45. Rxe4 Rxd6
46. Kb2 Rd5 47. Kc3 b5 48. Re1 Kf6 49. Rg1 Rg5 50. Ra1 Ke5 51. Ra7 Rg3+ 52. Kd2
Kd4 53. Rxb7 Kc4 54. Rf7 Rxh3 55. Rf4+ Kb3 56. Ke2 h4 57. Kd2 Rh2+ 58. Kd3 Rh1
59. Ke2 h3 60. Kf2 Rc1 61. Kg3 Rc3+ 62. Kh2 Rc4 63. Rf5 Kxb4 64. Kxh3 Re4 65.
Kg3 Ka4 66. Kf3 Re8 0-1

[Event "National interclub championship"]
[Site "Eupen"]
[Date "1997.10.05"]
[Round "1"]
[White "Thirion, Marcel"]
[Black "Tonoli, Walter"]
[Result "1/2-1/2"]
[Board "5"]
[WhiteTeam "SK Eupen '47"]
[BlackTeam "CC Anderlecht"]
[BlackTitle "FM"]
[WhiteElo "2200"]
[BlackElo "2240"]
[PlyCount "30"]
[EventDate "1997.10.05"]
[Source "BelgaBase"]

1. e4 c5 2. Nf3 g6 3. d4 Bg7 4. dxc5 Qa5+ 5. c3 Qxc5 6. Be3 Qc7 7. Bd4 Nf6 8.
e5 Ne4 9. e6 f6 10. exd7+ Bxd7 11. Na3 Nd6 12. Qb3 Qc8 13. Nb5 Nxb5 14. Bxb5
Bxb5 15. Qxb5+ Qc6 1/2-1/2

[Event "National interclub championship"]
[Site "Eupen"]
[Date "1997.10.05"]
[Round "1"]
[White "Beeckmans, Felix"]
[Black "Timmermans, Ivo"]
[Result "1/2-1/2"]
[Board "6"]
[WhiteTeam "CC Anderlecht"]
[BlackTeam "SK Eupen '47"]
[WhiteElo "2230"]
[BlackElo "2225"]
[PlyCount "32"]
[EventDate "1997.10.05"]
[Source "BelgaBase"]

1. e4 e5 2. Nf3 Nc6 3. Bb5 a6 4. Bxc6 dxc6 5. O-O f6 6. d4 exd4 7. Nxd4 c5 8.
Nb3 Qxd1 9. Rxd1 Bg4 10. f3 Be6 11. Be3 c4 12. Na5 b6 13. Nc6 Ne7 14. Nd4 O-O-O
15. Nc3 Bf7 16. a4 Kb7 1/2-1/2

[Event "National interclub championship"]
[Site "Eupen"]
[Date "1997.10.05"]
[Round "1"]
[White "Schumacher, Helmut"]
[Black "Faybish, Nimrod"]
[Result "0-1"]
[Board "7"]
[WhiteTeam "SK Eupen '47"]
[BlackTeam "CC Anderlecht"]
[WhiteElo "2190"]
[BlackElo "2190"]
[PlyCount "78"]
[EventDate "1997.10.05"]
[Source "BelgaBase"]

1. d4 Nf6 2. Nc3 d5 3. Bg5 Nbd7 4. Nf3 e6 5. e4 h6 6. Bh4 g5 7. Bg3 Nxe4 8.
Nxe4 dxe4 9. Ne5 h5 10. h4 g4 11. Qe2 Nxe5 12. Bxe5 f6 13. Qxe4 fxe5 14. Qg6+
Ke7 15. Qg5+ Kd7 16. Qxe5 Bd6 17. Qg7+ Kc6 18. g3 Qf8 19. Bg2+ Kb6 20. Qg5 Qh6
21. c4 Qxg5 22. hxg5 c5 23. b4 Be7 24. bxc5+ Kc7 25. g6 Bd7 26. Rc1 Rab8 27.
Kd2 e5 28. g7 Rhg8 29. Rxh5 exd4 30. Rh8 Bc6 31. Bxc6 Kxc6 32. Rh6+ Kc7 33. Rg6
Rbd8 34. Rxg4 Bf6 35. Rh1 Rxg7 36. Rxg7+ Bxg7 37. Rh7 Rd7 38. f4 d3 39. Rh5
Bc3+ 0-1

[Event "National interclub championship"]
[Site "Tessenderlo"]
[Date "1997.10.05"]
[Round "1"]
[White "Knoppert, Erik"]
[Black "van de Plassche, Bas"]
[Result "1/2-1/2"]
[Board "2"]
[WhiteTeam "K Antwerp SK"]
[BlackTeam "OSK Tessenderlo"]
[WhiteTitle "FM"]
[BlackTitle "FM"]
[WhiteElo "2385"]
[BlackElo "2335"]
[PlyCount "139"]
[EventDate "1997.10.05"]
[Source "BelgaBase"]

1. c4 g6 2. g3 Bg7 3. Bg2 c5 4. Nc3 Nc6 5. e3 d6 6. Nge2 Bd7 7. O-O Qc8 8. Nd5
Nh6 9. Rb1 Rb8 10. Nec3 O-O 11. a3 Bh3 12. e4 Bxg2 13. Kxg2 e6 14. Ne3 f5 15.
d3 f4 16. gxf4 Rxf4 17. f3 Rf7 18. Bd2 Qd7 19. Nc2 Kh8 20. Be3 Rbf8 21. Qd2 Ng8
22. Rf2 Ne5 23. Rbf1 Nf6 24. h3 b6 25. b4 cxb4 26. axb4 d5 27. f4 Nc6 28. b5
Ne7 29. cxd5 exd5 30. e5 Ne8 31. Nd4 Nc7 32. Nce2 Nf5 33. Nxf5 Rxf5 34. Ng3
R5f7 35. d4 Nxb5 36. Qd3 Nc7 37. f5 gxf5 38. Nxf5 Ne6 39. Kh2 Rg8 40. Rg2 Bf8
41. Qc2 Ng7 42. Rgf2 Nxf5 43. Rxf5 Rxf5 44. Qxf5 Qxf5 45. Rxf5 Bb4 46. Bg5 Kg7
47. Rf6 Rc8 48. Rd6 Bxd6 49. exd6 Kg6 50. d7 Rg8 51. d8=Q Rxd8 52. Bxd8 Kf5 53.
Kg3 Ke4 54. Kf2 Kd3 55. Ke1 Kc2 56. h4 a5 57. Bxb6 a4 58. Bc5 Kb3 59. h5 a3 60.
Bxa3 Kxa3 61. h6 Kb3 62. Kd2 Kc4 63. Ke3 Kc3 64. Kf4 Kxd4 65. Kf5 Ke3 66. Kf6
d4 67. Kg7 d3 68. Kxh7 d2 69. Kg8 d1=Q 70. h7 1/2-1/2

[Event "National interclub championship"]
[Site "Tessenderlo"]
[Date "1997.10.05"]
[Round "1"]
[White "Meulders, Richard"]
[Black "Sziva, Erika"]
[Result "1/2-1/2"]
[Board "4"]
[WhiteTeam "K Antwerp SK"]
[BlackTeam "OSK Tessenderlo"]
[WhiteTitle "FM"]
[BlackTitle "WIM"]
[WhiteElo "2295"]
[BlackElo "2330"]
[PlyCount "99"]
[EventDate "1997.10.05"]
[Source "BelgaBase"]

1. d4 Nf6 2. c4 g6 3. Nc3 Bg7 4. e4 d6 5. f3 O-O 6. Bg5 c5 7. d5 h6 8. Be3 e6
9. Qd2 exd5 10. cxd5 Nbd7 11. Nh3 a6 12. a4 Re8 13. Be2 Ne5 14. Nf2 h5 15. h3
Qa5 16. f4 Ned7 17. O-O Rb8 18. Ra3 Nf8 19. Rb1 Bd7 20. Bf3 N6h7 21. Nd3 f5 22.
e5 c4 23. b4 Qd8 24. Nb2 dxe5 25. Nxc4 e4 26. Be2 Qf6 27. d6 Be6 28. Nd5 Bxd5
29. Qxd5+ Qe6 30. Rd1 Qxd5 31. Rxd5 Nf6 32. Rd1 N6d7 33. Nb6 Bf6 34. b5 a5 35.
Ra2 Bd8 36. Bc4+ Kg7 37. Bd4+ Bf6 38. Bxf6+ Kxf6 39. Nd5+ Kg7 40. Nc7 Red8 41.
Be2 Nb6 42. g4 hxg4 43. hxg4 fxg4 44. Bxg4 Nc4 45. Rd4 Nxd6 46. Re2 e3 47. Rxe3
Nf5 48. Rxd8 Rxd8 49. Re4 Rd2 50. Bxf5 1/2-1/2

[Event "National interclub championship"]
[Site "Tessenderlo"]
[Date "1997.10.05"]
[Round "1"]
[White "Bogaerts, Jan"]
[Black "Docx, Stefan"]
[Result "1-0"]
[Board "5"]
[WhiteTeam "OSK Tessenderlo"]
[BlackTeam "K Antwerp SK"]
[WhiteTitle "FM"]
[BlackTitle "FM"]
[WhiteElo "2285"]
[BlackElo "2265"]
[PlyCount "65"]
[EventDate "1997.10.05"]
[Source "BelgaBase"]

1. e4 c5 2. Nc3 Nc6 3. g3 g6 4. Bg2 Bg7 5. d3 d6 6. Nh3 e6 7. O-O Nge7 8. Be3
b6 9. Qd2 h6 10. Rae1 Bb7 11. f4 Qd7 12. Kh1 O-O-O 13. a3 d5 14. exd5 exd5 15.
Bg1 d4 16. Nd1 Rhe8 17. Bf2 Nf5 18. Ng1 Nce7 19. Nf3 Nd5 20. Ne5 Qc7 21. g4
Nfe3 22. Bxe3 dxe3 23. Nxe3 Nxf4 24. Rxf4 Bxe5 25. Rff1 Bd4 26. b3 Re7 27. Nc4
Rde8 28. Rxe7 Qxe7 29. h3 f6 30. a4 Kb8 31. c3 Be5 32. Re1 Qc7 33. d4 1-0

[Event "National interclub championship"]
[Site "Tessenderlo"]
[Date "1997.10.05"]
[Round "1"]
[White "Ooms, Andy"]
[Black "Lavrenov, Yuli"]
[Result "1/2-1/2"]
[Board "7"]
[WhiteTeam "OSK Tessenderlo"]
[BlackTeam "K Antwerp SK"]
[WhiteElo "2170"]
[BlackElo "2120"]
[PlyCount "82"]
[EventDate "1997.10.05"]
[Source "BelgaBase"]

1. d4 Nf6 2. Nf3 g6 3. g3 d5 4. Bg2 Bg7 5. O-O O-O 6. Nbd2 b6 7. c4 e6 8. Ne5
Bb7 9. Qa4 Nfd7 10. Ndf3 Nxe5 11. Nxe5 Qe8 12. Qc2 Nc6 13. Nxc6 Bxc6 14. Rd1
dxc4 15. Qxc4 Bxg2 16. Kxg2 c6 17. e4 Rc8 18. Be3 Qd7 19. Rd2 h6 20. Qa6 f5 21.
f3 Qf7 22. Qe2 g5 23. Re1 fxe4 24. fxe4 Qg6 25. Bg1 g4 26. d5 cxd5 27. exd5
exd5 28. Qe6+ Qxe6 29. Rxe6 h5 30. Rg6 Rf5 31. Bd4 Rc7 32. Bxg7 Rxg7 33. Rd6
Rc7 34. h3 gxh3+ 35. Kxh3 Rc5 36. Rd8+ Kg7 37. Rd7+ Rf7 38. R2xd5 Rxd5 39. Rxd5
Rf2 40. Rb5 Kg6 41. a4 Re2 1/2-1/2

[Event "National interclub championship"]
[Site "Eupen"]
[Date "1997.10.05"]
[Round "1"]
[White "Cekro, Ekrem"]
[Black "Winants, Luc"]
[Result "1/2-1/2"]
[Board "2"]
[WhiteTeam "La Tour d'Ans-Loncin"]
[BlackTeam "SK Rochade Eupen"]
[WhiteTitle "IM"]
[BlackTitle "IM"]
[WhiteElo "2385"]
[BlackElo "2515"]
[PlyCount "100"]
[EventDate "1997.10.05"]
[Source "BelgaBase"]

1. c4 e5 2. g3 d6 3. Bg2 g6 4. Nc3 Bg7 5. e3 f5 6. Nge2 Nf6 7. f4 e4 8. d3 exd3
9. Qxd3 Na6 10. Rb1 Nc5 11. Qc2 a5 12. b3 O-O 13. O-O c6 14. h3 Qe7 15. Kh2 Be6
16. Ba3 Bf7 17. Rbd1 Rad8 18. Rfe1 Rfe8 19. Nd4 Qc7 20. Bxc5 dxc5 21. Nf3 Rxd1
22. Nxd1 Ne4 23. Nf2 Nxf2 24. Qxf2 h6 25. Qc2 Qe7 26. e4 fxe4 27. Ne5 Bxe5 28.
Rxe4 Qf6 29. Qe2 Bd6 30. Rxe8+ Bxe8 31. Qxe8+ Kg7 32. h4 Qe7 33. Qxe7+ Bxe7 34.
a4 Bf6 35. Kh3 Bc3 36. Bf3 Kf6 37. Be4 Bd2 38. Kg4 h5+ 39. Kf3 Be1 40. Bd3 Bd2
41. Bf1 Bc1 42. Bh3 Bd2 43. Bc8 b6 44. Bd7 Bc3 45. Bxc6 Be1 46. Bd7 Bc3 47. f5
gxf5 48. Be8 Be5 49. Bxh5 Kg7 50. Be8 Kf6 1/2-1/2

[Event "National interclub championship"]
[Site "Eupen"]
[Date "1997.10.05"]
[Round "1"]
[White "Ahn, Martin"]
[Black "Adrian, Claude"]
[Result "1/2-1/2"]
[Board "3"]
[WhiteTeam "SK Rochade Eupen"]
[BlackTeam "La Tour d'Ans-Loncin"]
[WhiteTitle "FM"]
[BlackTitle "FM"]
[WhiteElo "2310"]
[BlackElo "2335"]
[PlyCount "101"]
[EventDate "1997.10.05"]
[Source "BelgaBase"]

1. e4 e6 2. Nf3 d5 3. Nc3 Nf6 4. exd5 exd5 5. d4 Bg4 6. h3 Bh5 7. Bd3 Bb4 8.
O-O O-O 9. Bg5 c6 10. g4 Bg6 11. Ne5 Be7 12. f4 Bxd3 13. Qxd3 Ne4 14. Bxe7 Qxe7
15. Rae1 Re8 16. Nxe4 dxe4 17. Qb3 c5 18. Rxe4 Nc6 19. Rfe1 Nxd4 20. Nxf7 Nxb3
21. Rxe7 Rxe7 22. Rxe7 Nd4 23. f5 Nxc2 24. Rxb7 Nd4 25. Ng5 a5 26. Rc7 h6 27.
Ne6 Nxe6 28. fxe6 Kf8 29. Rxc5 Ke7 30. Re5 Rb8 31. b3 a4 32. bxa4 Rb2 33. Re4
g5 34. a3 Rb3 35. Kg2 Rxa3 36. Kh2 Ra2+ 37. Kg3 Ra3+ 38. Kg2 Ra2+ 39. Kf3 Ra3+
40. Ke2 Rxh3 41. Kd2 h5 42. gxh5 Rxh5 43. Re5 Rh4 44. a5 Ra4 45. Ke3 g4 46. Kf2
Ra3 47. Kg2 Rb3 48. Rg5 Kxe6 49. Rxg4 Ra3 50. Rg5 Kd6 51. Kf2 1/2-1/2

[Event "National interclub championship"]
[Site "Eupen"]
[Date "1997.10.05"]
[Round "1"]
[White "Maes, Wim"]
[Black "Meessen, Rudolf"]
[Result "1/2-1/2"]
[Board "4"]
[WhiteTeam "La Tour d'Ans-Loncin"]
[BlackTeam "SK Rochade Eupen"]
[WhiteElo "2235"]
[BlackElo "2310"]
[PlyCount "136"]
[EventDate "1997.10.05"]
[Source "BelgaBase"]

1. e4 e6 2. d3 c5 3. Nf3 Nc6 4. g3 g6 5. Bg2 Bg7 6. O-O Nge7 7. c3 O-O 8. Be3
d6 9. Qc1 e5 10. Bh6 Bxh6 11. Qxh6 f6 12. Nbd2 Be6 13. a3 d5 14. Rad1 d4 15. c4
Kh8 16. Nb1 g5 17. Nxg5 fxg5 18. Qxe6 Ng6 19. Bh3 Qb6 20. Rd2 Rae8 21. Qg4 h6
22. Qh5 Kg7 23. Bd7 Rd8 24. Be6 Rd6 25. Bd5 Rdf6 26. Qd1 Nd8 27. b4 Ne6 28. Qa4
R8f7 29. Rb2 g4 30. Qa5 Re7 31. Qxb6 axb6 32. Bxe6 Rfxe6 33. Nd2 Rf6 34. f3 h5
35. fxg4 Rxf1+ 36. Kxf1 hxg4 37. bxc5 bxc5 38. Rb5 Rc7 39. Nb3 Rf7+ 40. Kg2 b6
41. Rxb6 Ra7 42. h3 Kh6 43. hxg4 Kg5 44. Nxc5 Rxa3 45. Kh3 Nf8 46. Rb7 Ra8 47.
Rf7 Kg6 48. Rf5 Re8 49. g5 Kh5 50. g4+ Kg6 51. Rf6+ Kg7 52. Rb6 Ng6 53. Rb7+
Re7 54. Rb6 Nf4+ 55. Kg3 Re8 56. Na6 Rh8 57. Rh6 Rc8 58. c5 Ng6 59. Rh1 Nf4 60.
Rh6 Ng6 61. Kf3 Rc6 62. Nb4 Rxc5 63. Nd5 Rc1 64. Rh2 Rd1 65. Ke2 Rg1 66. Kf2
Rxg4 67. Rh7+ Kf8 68. Rh5 Kg7 1/2-1/2

[Event "National interclub championship"]
[Site "Eupen"]
[Date "1997.10.05"]
[Round "1"]
[White "Coenen, Norbert"]
[Black "Goossens, Étienne"]
[Result "0-1"]
[Board "5"]
[WhiteTeam "SK Rochade Eupen"]
[BlackTeam "La Tour d'Ans-Loncin"]
[WhiteTitle "FM"]
[WhiteElo "2335"]
[BlackElo "2130"]
[PlyCount "58"]
[EventDate "1997.10.05"]
[Source "BelgaBase"]

1. e4 c5 2. Nf3 Nc6 3. d4 cxd4 4. Nxd4 Nf6 5. Nc3 e5 6. Ndb5 d6 7. Bg5 a6 8.
Na3 b5 9. Nd5 Be7 10. Bxf6 Bxf6 11. c3 O-O 12. Nc2 Bg5 13. a4 bxa4 14. Rxa4 a5
15. Bc4 Rb8 16. Ra2 Kh8 17. Nce3 g6 18. O-O f5 19. exf5 gxf5 20. f4 exf4 21.
Nc2 Ne5 22. Qd4 f3 23. gxf3 Bf6 24. Nxf6 Qxf6 25. Bd5 Ba6 26. Re1 Bc4 27. Rxa5
Rxb2 28. Kh1 Rxc2 29. Bxc4 Rxh2+ 0-1

[Event "National interclub championship"]
[Site "Ghent"]
[Date "1997.10.05"]
[Round "1"]
[White "de Waal, Mark"]
[Black "Cools, Gorik"]
[Result "0-1"]
[Board "1"]
[WhiteTeam "Jean Jaurès Ghent"]
[BlackTeam "SK Moretus Hoboken"]
[WhiteElo "2255"]
[BlackElo "2300"]
[PlyCount "78"]
[EventDate "1997.10.05"]
[Source "BelgaBase"]

1. d4 Nf6 2. Nf3 g6 3. Bf4 Bg7 4. e3 O-O 5. Be2 c5 6. O-O d6 7. h3 Re8 8. c4
Qb6 9. Nc3 Qxb2 10. Nb5 Na6 11. dxc5 Nh5 12. Rb1 Qxa2 13. cxd6 Nxf4 14. exf4
exd6 15. Bd3 Rd8 16. f5 d5 17. Ng5 dxc4 18. Bxc4 Rxd1 19. Bxa2 Rxb1 20. Rxb1
Bxf5 21. Re1 Bf6 22. Nxf7 Nb4 23. Nh6+ Kh8 24. Bb3 a5 25. Nc7 Rc8 26. Ne8 Nd3
27. Nf7+ Kg8 28. Nxf6+ Kg7 29. Re3 Rc1+ 30. Kh2 Kxf6 31. g4 Rc3 32. Bd5 Bd7 33.
g5+ Kg7 34. Nd6 Bc6 35. Ba2 Rc2 36. Re7+ Kf8 37. Rf7+ Kg8 38. Be6 Nc5 39. Re7+
Nxe6 0-1

[Event "National interclub championship"]
[Site "Ghent"]
[Date "1997.10.05"]
[Round "1"]
[White "Plomp, Gordon"]
[Black "Groffen, Hans"]
[Result "0-1"]
[Board "2"]
[WhiteTeam "SK Moretus Hoboken"]
[BlackTeam "Jean Jaurès Ghent"]
[WhiteElo "2330"]
[BlackElo "2225"]
[PlyCount "66"]
[EventDate "1997.10.05"]
[Source "BelgaBase"]

1. c4 b6 2. Nf3 Bb7 3. d4 e6 4. e3 f5 5. Nc3 Bb4 6. Qb3 a5 7. a3 a4 8. Qc2
Bxc3+ 9. Qxc3 Nf6 10. b4 axb3 11. Qxb3 Nc6 12. Bb2 O-O 13. Be2 Qe8 14. O-O Qg6
15. Rfd1 Na5 16. Qc2 Be4 17. Qc1 b5 18. Ne1 bxc4 19. Bxc4 Nxc4 20. Qxc4 Rfb8
21. Bc1 Bc6 22. Qe2 Ne4 23. Bb2 Ba4 24. Nd3 Bxd1 25. Rxd1 d6 26. Nb4 Qe8 27. f3
Nf6 28. Rc1 Nd5 29. Nd3 Qb5 30. Qd2 Qa5 31. Qe2 Qa6 32. Qd2 Rb3 33. Nb4 Nxb4
0-1

[Event "National interclub championship"]
[Site "Ghent"]
[Date "1997.10.05"]
[Round "1"]
[White "Krijgelmans, Johan"]
[Black "Roofthoofd, Marcel"]
[Result "1-0"]
[Board "3"]
[WhiteTeam "Jean Jaurès Ghent"]
[BlackTeam "SK Moretus Hoboken"]
[BlackTitle "FM"]
[WhiteElo "2270"]
[BlackElo "2300"]
[PlyCount "95"]
[EventDate "1997.10.05"]
[Source "BelgaBase"]

1. d4 e6 2. c4 Nf6 3. Nc3 d5 4. Bg5 c6 5. e3 Nbd7 6. cxd5 exd5 7. Bd3 Bd6 8.
Qf3 h6 9. Bh4 Be7 10. h3 Nf8 11. g4 Ne6 12. Nge2 b5 13. Bg3 b4 14. Na4 Qa5 15.
b3 Ba6 16. Bxa6 Qxa6 17. Qf5 Ne4 18. Rd1 g6 19. Qf3 N6g5 20. Qg2 Nc3 21. Nexc3
bxc3 22. f3 Bb4 23. Qc2 Nxf3+ 24. Kf2 Ng5 25. Kg2 Ne4 26. a3 Nxg3 27. Kxg3 Bd6+
28. Kg2 O-O 29. b4 Rae8 30. Rd3 Re4 31. Rxc3 Qc8 32. Rxc6 Qd7 33. Rc3 Rfe8 34.
Nc5 Bxc5 35. bxc5 Rxe3 36. Rxe3 Rxe3 37. Rf1 Qe7 38. Rf2 Qh4 39. Rf3 Rxf3 40.
Kxf3 Qxh3+ 41. Kf4 g5+ 42. Ke5 Qxg4 43. Kd6 Qe6+ 44. Kc7 g4 45. c6 g3 46. Kb7
Kg7 47. c7 Qd7 48. Kb8 1-0

[Event "National interclub championship"]
[Site "Ghent"]
[Date "1997.10.05"]
[Round "1"]
[White "Riemens, Albert"]
[Black "Soetewey, Steven"]
[Result "1/2-1/2"]
[Board "5"]
[WhiteTeam "Jean Jaurès Ghent"]
[BlackTeam "SK Moretus Hoboken"]
[WhiteElo "2185"]
[BlackElo "2180"]
[PlyCount "35"]
[EventDate "1997.10.05"]
[Source "BelgaBase"]

1. e4 Nc6 2. Nf3 d6 3. d4 Nf6 4. Nc3 Bg4 5. Be2 e5 6. dxe5 dxe5 7. Qxd8+ Rxd8
8. Bb5 Bb4 9. Bd2 Bd7 10. O-O-O Bxc3 11. Bxc3 Nxe4 12. Bxc6 Bxc6 13. Rxd8+ Kxd8
14. Nxe5 Be8 15. Rd1+ Kc8 16. Bd4 f6 17. Nd3 Bf7 18. f3 1/2-1/2